Statistiques concernant Effectif détaillé du Toulouse FC saison 2023-2024

Cliquez ici pour prendre le quiz!

Statistiques générales

  • Ce quiz a été pris 19 fois
  • Le résultat moyen est 19 sur 34

Statistiques - réponses

NationalitéAncien clubPosteNuméroRéponse% Correct
FranceFormé au TFCGardien50Guillaume Restes
94%
MaliFormé au TFCDéfenseur23Moussa Diarra
81%
Cap-VertStade de Reims BDéfenseur6Logan Costa
75%
DanemarkFK HaugesundDéfenseur3Mikkel Desler
69%
DanemarkFC MidtjyllandDéfenseur2Rasmus Nicolaisen
69%
MarocAZ AlkmaarAttaquant7Zakaria Aboukhlal
69%
JaponYokohama MarinosAttaquant45Ado Onaiwu
63%
EspagneUD Las PalmasGardien30Alex Dominguez
63%
FranceFormé au TFCDéfenseur4Anthony Rouault
63%
AlgérieFormé au TFCMilieu28Farès Chaïbi
63%
FranceFormé au TFCGardienJustin Lacombe
63%
Pays-BasExcelsior RotterdamAttaquant9Thijs Dallinga
63%
FranceFormé au TFCGardien1Thomas Himeur
63%
SuisseBSC Young BoysMilieu8Vincent Sierro
63%
MarocAJ AuxerreAttaquant14Yanis Begraoui
63%
EspagneCD MirandésMilieu11Cesar Gelabert
56%
AustralieMacarthur FCMilieu5Denis Genreau
56%
FranceSC BastiaAttaquant19Frank Magri
56%
JamaïqueBirmingham LegionAttaquantJunior Flemmings
56%
NorvègeVålerenga FotballGardien16Kjetil Haug
56%
Burkina FasoFormé au TFCMilieu21Mamady Bangré
56%
FinlandeFC IlvesMilieu22Naatan Skyttä
56%
AllemagneWerder BrêmeMilieu20Niklas Schmidt
56%
SuèdeIF ElfsborgDéfenseur18Oliver Zanden
56%
Norvègetromsø ILDéfenseur12Warren Kamanzi
56%
EspagneToulouse FC
(adjoint)
CoachCarles Martinez
50%
VenezuelaNew York RBMilieu24Cristian Casseres
50%
Pays-BasNEC NimègueAttaquant10Ibrahim Cissoko
50%
CamerounFormé au TFCDéfenseur31Kévin Keben
50%
FranceFormé au TFCDéfenseur32Christian Mawissa Elebi
44%
FranceFormé au TFCMilieu34Noah Lahmadi
44%
FranceFormé au TFCDéfenseurYlies Aradj
44%
FranceFormé au TFCAttaquantNoah Edjouma
31%
ChiliColo-ColoDéfenseur17Gabriel Souazo
0%

Distribution des résultats

Percentile par nombre de réponses

% des personnes avec chaque résultat

Votre développement - résultats

Vous n’avez pas pris ce quiz